| 000 -LEADER |
| fixed length control field |
00462nam a22001817a 4500 |
| 008 - FIXED-LENGTH DATA ELEMENTS--GENERAL INFORMATION |
| fixed length control field |
170725b xxu||||| |||| 00| p tur d |
| 020 ## - INTERNATIONAL STANDARD BOOK NUMBER |
| International Standard Book Number |
9789752897052 |
| 041 ## - LANGUAGE CODE |
| Language code of text/sound track or separate title |
Türkçe |
| 050 ## - LIBRARY OF CONGRESS CALL NUMBER |
| Classification number |
PL248.E7424 |
| 100 ## - MAIN ENTRY--PERSONAL NAME |
| 9 (RLIN) |
526 |
| Personal name |
Ömer Erdem |
| 245 ## - TITLE STATEMENT |
| Title |
Kireç |
| Statement of responsibility, etc. |
Ömer Erdem |
| 250 ## - EDITION STATEMENT |
| Edition statement |
1. baskı |
| 260 ## - PUBLICATION, DISTRIBUTION, ETC. |
| Place of publication, distribution, etc. |
İstanbul |
| Name of publisher, distributor, etc. |
Everest Yayınları |
| Date of publication, distribution, etc. |
Mart 2010 |
| 300 ## - PHYSICAL DESCRIPTION |
| Extent |
92 Sayfa |
| 500 ## - GENERAL NOTE |
| General note |
Everest 774; Şiir: 774 |
| 650 #0 - SUBJECT ADDED ENTRY--TOPICAL TERM |
| 9 (RLIN) |
145 |
| Topical term or geographic name entry element |
Türk Edebiyatı |
| 942 ## - ADDED ENTRY ELEMENTS (KOHA) |
| Source of classification or shelving scheme |
|
| Koha item type |
Books |